Fudge-A-Mania. (Record no. 110615)
[ view plain ]
| 000 -LEADER | |
|---|---|
| fixed length control field | 00267nam a2200121 a 4500 |
| 001 - CONTROL NUMBER | |
| control field | 4140 |
| 005 - DATE AND TIME OF LATEST TRANSACTION | |
| control field | 20140414131900.0 |
| 008 - FIXED-LENGTH DATA ELEMENTS--GENERAL INFORMATION | |
| fixed length control field | 090218s19uu xx 00 eng d |
| 050 ## - LIBRARY OF CONGRESS CALL NUMBER | |
| Classification number | FIC |
| Item number | B56 1990 |
| 100 ## - MAIN ENTRY--PERSONAL NAME | |
| Personal name | Blume, Judy |
| 245 ## - TITLE STATEMENT | |
| Title | Fudge-A-Mania. |
| Withdrawn status | Lost status | Damaged status | Home library | Current library | Shelving location | Date acquired | Total Checkouts | Full call number | Barcode | Date last seen | Price effective from | Koha item type |
|---|---|---|---|---|---|---|---|---|---|---|---|---|
| Munich Library | Munich Library | Fiction Section | 02/18/2009 | FIC B56 1990 | M1068 | 04/14/2014 | 04/14/2014 | Books |